000 00337 a2200157 4500
001 192774
020 _a978-85-260-2279-9
040 _cMagnum
100 _aLessa, Origenes
240 1 0 _aA cabeça de Medusa
_lpor
245 1 0 _aA cabeça de Medusa
300 _a137
362 0 _a2017
697 _aLITERATURA JUVENIL
942 _cBK
999 _c192774
_d192774